<?xml version="1.0" encoding="UTF-8"?><?xml-stylesheet type="text/xsl" href="static/style.xsl"?><OAI-PMH xmlns="http://www.openarchives.org/OAI/2.0/" xmlns:xsi="http://www.w3.org/2001/XMLSchema-instance" xsi:schemaLocation="http://www.openarchives.org/OAI/2.0/ http://www.openarchives.org/OAI/2.0/OAI-PMH.xsd"><responseDate>2026-04-14T14:40:06Z</responseDate><request verb="GetRecord" identifier="oai:uvadoc.uva.es:10324/84005" metadataPrefix="marc">https://uvadoc.uva.es/oai/request</request><GetRecord><record><header><identifier>oai:uvadoc.uva.es:10324/84005</identifier><datestamp>2026-04-13T19:01:44Z</datestamp><setSpec>com_10324_1163</setSpec><setSpec>com_10324_931</setSpec><setSpec>com_10324_894</setSpec><setSpec>col_10324_1326</setSpec></header><metadata><record xmlns="http://www.loc.gov/MARC21/slim" xmlns:doc="http://www.lyncode.com/xoai" xmlns:xsi="http://www.w3.org/2001/XMLSchema-instance" xmlns:dcterms="http://purl.org/dc/terms/" xsi:schemaLocation="http://www.loc.gov/MARC21/slim http://www.loc.gov/standards/marcxml/schema/MARC21slim.xsd">
<leader>00925njm 22002777a 4500</leader>
<datafield tag="042" ind1=" " ind2=" ">
<subfield code="a">dc</subfield>
</datafield>
<datafield tag="720" ind1=" " ind2=" ">
<subfield code="a">Egaña Casariego, Francisco</subfield>
<subfield code="e">author</subfield>
</datafield>
<datafield tag="720" ind1=" " ind2=" ">
<subfield code="a">Montes Serrano, Carlos</subfield>
<subfield code="e">author</subfield>
</datafield>
<datafield tag="260" ind1=" " ind2=" ">
<subfield code="c">2013</subfield>
</datafield>
<datafield tag="520" ind1=" " ind2=" ">
<subfield code="a">Este artículo aborda los diez años de residencia en Italia del arquitecto y pintor español Joaquín Vaquero Palacios como subdirector de la Academia Española de Bellas Artes. Además de sus obras de restauración monumental analiza sus cuadros de tema arquitectónico y sus funciones al frente de la Academia.</subfield>
</datafield>
<datafield tag="024" ind2=" " ind1="8">
<subfield code="a">Disegnare idee immagini, añoXXIII, 2015, n.º 46, 2015, p. 12-21</subfield>
</datafield>
<datafield tag="024" ind2=" " ind1="8">
<subfield code="a">IT 1123-9247</subfield>
</datafield>
<datafield tag="024" ind2=" " ind1="8">
<subfield code="a">https://uvadoc.uva.es/handle/10324/84005</subfield>
</datafield>
<datafield tag="024" ind2=" " ind1="8">
<subfield code="a">12</subfield>
</datafield>
<datafield tag="024" ind2=" " ind1="8">
<subfield code="a">46</subfield>
</datafield>
<datafield tag="024" ind2=" " ind1="8">
<subfield code="a">21</subfield>
</datafield>
<datafield tag="024" ind2=" " ind1="8">
<subfield code="a">Disegnare idee immagine</subfield>
</datafield>
<datafield tag="024" ind2=" " ind1="8">
<subfield code="a">46</subfield>
</datafield>
<datafield ind1=" " ind2=" " tag="653">
<subfield code="a">Arquitectura</subfield>
</datafield>
<datafield tag="245" ind1="0" ind2="0">
<subfield code="a">Gli anni del soggiorno romano dell´architetto spagnolo Joaquín Vaquero Palacios</subfield>
</datafield>
</record></metadata></record></GetRecord></OAI-PMH>